Weimar Germany - Statistics

General Stats
  • This quiz has been taken 203 times
  • The average score is 7 of 10
Answer Stats
Question Answer % Correct
What did Article 48 of the Weimar Constitution allow? The President to act without the use of the Reichstag in emergency situations
91%
What voting system did the Weimar Republic use? Proportional representation
87%
What political party included the Spartacists? KPD
84%
What was Gustav Stresemann most known for? Solving the hyperinflation crisis
83%
Who was the first President of the Weimar Republic Friedrich Ebert
76%
Who was Paul von Hindenburg? Second President of the Weimar Republic
69%
How long could the President of the Weimar Republic serve for? 7 years
63%
When was the Weimar Republic founded? November 1918
62%
When was the Spartacist Uprising? January 1919
53%
How often were Reichstag elections supposed to take place in Weimar Germany? Every 4 years
52%
No matching quizzes found
Score Distribution
Percent of People with Each Score
Percentile by Number Answered
Your Score History
You have not taken this quiz